| 000 | 01291nam a2200337 a 4500 | ||
|---|---|---|---|
| 001 | ebr10497261 | ||
| 003 | CaPaEBR | ||
| 006 | m u | ||
| 007 | cr cn||||||||| | ||
| 008 | 111024r19921982enk sb 001 0 eng d | ||
| 020 | _z9781855750395 | ||
| 020 | _z9781849401326 (e-book) | ||
| 040 |
_aCaPaEBR _cCaPaEBR |
||
| 035 | _a(OCoLC)726747161 | ||
| 050 | 1 | 4 |
_aRC455.4.P76 _bO33 1992eb |
| 100 | 1 | _aOgden, Thomas H. | |
| 245 | 1 | 0 |
_aProjective identification and psychotherapeutic technique _h[electronic resource] / _cThomas H. Ogden. |
| 260 |
_aLondon : _bKarnac Books, _c1992. |
||
| 300 | _ax, 236 p. | ||
| 490 | 1 | _aMaresfield library | |
| 500 | _aFirst published by Jason Aronson Inc., 1982. | ||
| 504 | _aIncludes bibliographical references and index. | ||
| 533 |
_aElectronic reproduction. _bPalo Alto, Calif. : _cebrary, _d2013. _nAvailable via World Wide Web. _nAccess may be limited to ebrary affiliated libraries. |
||
| 650 | 0 | _aProjective identification. | |
| 650 | 0 | _aPsychotherapy. | |
| 650 | 0 | _aProjection (Psychology) | |
| 655 | 7 |
_aElectronic books. _2local |
|
| 710 | 2 | _aebrary, Inc. | |
| 830 | 0 | _aMaresfield library. | |
| 856 | 4 | 0 |
_uhttp://site.ebrary.com/lib/rucke/Doc?id=10497261 _zAn electronic book accessible through the World Wide Web; click to view |
| 999 |
_c231334 _d231334 |
||